Graded English part-4 / (Record no. 8696)

MARC details
000 -LEADER
fixed length control field 01100nam a22002297a 4500
001 - CONTROL NUMBER
control field 8696
003 - CONTROL NUMBER IDENTIFIER
control field FISKH
005 - DATE AND TIME OF LATEST TRANSACTION
control field 20251010155001.0
008 - FIXED-LENGTH DATA ELEMENTS--GENERAL INFORMATION
fixed length control field 251010b cb ||||| |||| 00| 0 eng d
020 ## - INTERNATIONAL STANDARD BOOK NUMBER
International Standard Book Number 9781730126871
040 ## - CATALOGING SOURCE
Original cataloging agency FISKH
Language of cataloging eng
Transcribing agency FISKH
Modifying agency FISKH
082 ## - DEWEY DECIMAL CLASSIFICATION NUMBER
Classification number 428.6
100 ## - MAIN ENTRY--PERSONAL NAME
Personal name Talwar, M. L.
245 ## - TITLE STATEMENT
Title Graded English part-4 /
Statement of responsibility, etc. By M. L. Talwar ; Illustrated by Gurinder Pal Singh Mankoo
260 ## - PUBLICATION, DISTRIBUTION, ETC.
Place of publication, distribution, etc. New Delhi :
Name of publisher, distributor, etc. Dreamland,
Date of publication, distribution, etc. 2015.
300 ## - PHYSICAL DESCRIPTION
Extent 104 pages :
Other physical details color illustrations ;
Dimensions 28 cm
520 ## - SUMMARY, ETC.
Summary, etc. Graded English Part 4 is part of Dreamland’s graded English series designed to help children strengthen their language and literacy skills progressively. This book provides lessons, exercises, and stories that develop grammar, vocabulary, comprehension, and sentence construction. It is ideal for primary-level learners, encouraging reading confidence and a solid foundation in English communication.
650 ## - SUBJECT ADDED ENTRY--TOPICAL TERM
Topical term or geographic name entry element English Language
Form subdivision Grammar
General subdivision Reading Skills
Chronological subdivision Vocabulary
700 ## - ADDED ENTRY--PERSONAL NAME
Personal name Mankoo, Gurinder Pal Singh
Relator term illustrator
942 ## - ADDED ENTRY ELEMENTS (KOHA)
Source of classification or shelving scheme Dewey Decimal Classification
Koha item type Books
Suppress in OPAC No
Holdings
Withdrawn status Lost status Source of classification or shelving scheme Damaged status Not for loan Collection Home library Current library Shelving location Date acquired Total Checkouts Full call number Barcode Date last seen Copy number Price effective from Koha item type
    Dewey Decimal Classification     Reference Footprints International School Library Network Toul Kork Campus Footprints International School Library Network Toul Kork Campus Librarian's Shelf TK 10/10/2025   TAL 428.6 2025-4544 10/10/2025 1 10/10/2025 Books